Kam kráčaš, finančný trh?

Oblasti v rámci finančného trhu na Slovensku, kde je potrebné realizovať opatrenia a zmeny: ochrana spotrebiteľa na finančnom trhu, úroveň finančného vzdelávania a všeobecnej finančnej osvety, regulácia sprostredkovania finančných služieb a finančného poradenstva. Prijatie koncepcie.

Salvato in:
Dettagli Bibliografici
Autore principale: Serinová, Katarína
Natura: Capitolo di libro
Lingua:slovacco
Soggetti:
Tags: Aggiungi Tag
Nessun Tag, puoi essere il primo ad aggiungerne!!

MARC

LEADER 00000naa$a2200000$$$4500
001 0080939
005 20240502071919.5
041 0 |a slo 
044 |a SK 
245 1 0 |a Kam kráčaš, finančný trh?  |c Katarína Serinová 
520 |a Oblasti v rámci finančného trhu na Slovensku, kde je potrebné realizovať opatrenia a zmeny: ochrana spotrebiteľa na finančnom trhu, úroveň finančného vzdelávania a všeobecnej finančnej osvety, regulácia sprostredkovania finančných služieb a finančného poradenstva. Prijatie koncepcie. 
610 2 0 |a trh finančný 
610 2 0 |a Slovensko 
610 2 0 |a koncepcie 
610 2 0 |a ochrana spotrebiteľa 
610 2 0 |a vzdelávanie 
610 2 0 |a sprostredkovatelia 
610 2 0 |a poradcovia 
610 2 0 |a poradenstvo finančné 
100 1 |a Serinová, Katarína